| 000 | 00386nam a2200169Ia 4500 | ||
|---|---|---|---|
| 008 | 210210b1948 xxu||||| |||| 00| 0 eng d | ||
| 041 | _aeng | ||
| 082 | _a320/590 | ||
| 100 | _aTOYNBEE (A J) | ||
| 245 | _aCivilization on trial | ||
| 260 |
_a _bNot Mentioned _c1948 |
||
| 650 | _atrial | ||
| 650 | _aon | ||
| 650 | _aCivilization | ||
| 690 | _aPolitical Science | ||
| 906 | _a003223 | ||
| 999 |
_c118560 _d118560 |
||